| 000 | 00758cam a2200217 4500 | ||
|---|---|---|---|
| 001 | 2471 | ||
| 005 | 20181127165159.0 | ||
| 008 | 691117s1969 nyu b 000 0 eng | ||
| 010 | _a 76082578 | ||
| 020 | _a9788174760784 | ||
| 100 | 1 | _aShakespeare, William. | |
| 245 | 1 | 0 |
_aWilliam Shakespeare's Macbeth / _cPraveen Bhatia. |
| 260 |
_aNew Delhi : _bUBSPD : _c2009. |
||
| 300 |
_aviii, 308 p. ; _c20 cm. |
||
| 490 | 0 | _aArco notes | |
| 590 | _aElectronic copy available on RTC Cloud in "Library" folder | ||
| 600 | 0 | 0 |
_aMacbeth, _cKing of Scotland, _d11th cent. _xIn literature. |
| 600 | 1 | 0 |
_aShakespeare, William, _d1564-1616. _tMacbeth _xExaminations _xStudy guides. |
| 740 | _aMacbeth. | ||
| 856 |
_a _uhttp://shakespeare.mit.edu/macbeth/index.html _yMacbeth _z _3 |
||
| 999 |
_c1976 _d1976 |
||